[Event "BL 1112 Solinger SG - SC Remagen"]
[Site "Mülheim"]
[Date "2011.10.14"]
[Round "1.7"]
[White "Bok, Benjamin"]
[Black "Naumann, Alexander"]
[Result "1-0"]
[WhiteElo "2488"]
[BlackElo "2546"]
[PlyCount "81"]
[EventDate "2011.10.14"]

1. e4 e5 2. Nf3 Nc6 3. Bb5 Nf6 4. O-O Nxe4 5. d4 Nd6 6. Bxc6 dxc6 7. dxe5 Nf5
8. Qxd8+ Kxd8 9. Nc3 Bd7 10. h3 b6 11. g4 Ne7 12. Ng5 Ke8 13. f4 h5 14. f5 hxg4
15. hxg4 Rh4 16. Rf4 Nd5 17. Nxd5 cxd5 18. Nf3 Rh8 19. Bd2 c5 20. c3 Bc6 21.
Kg2 Be7 22. g5 d4 23. f6 gxf6 24. gxf6 Bf8 25. cxd4 Kd7 26. Rg4 cxd4 27. Rc1
Bc5 28. b4 Rag8 29. Rxg8 Rxg8+ 30. Kf2 Bxf3 31. Kxf3 Bf8 32. a3 Rh8 33. Rc4
Rh3+ 34. Ke4 Rxa3 35. Rxd4+ Ke8 36. Rc4 Kd7 37. Rd4+ Ke8 38. Kd5 Rh3 39. Kc6
Bh6 40. Bxh6 Rxh6 41. Kc7 1-0

[Event "BL 1112 Solinger SG - SC Remagen"]
[Site "Mülheim"]
[Date "2011.10.14"]
[Round "1.8"]
[White "Hoffmann, Michael"]
[Black "Popovic, Petar"]
[Result "1-0"]
[WhiteElo "2496"]
[BlackElo "2485"]
[PlyCount "127"]
[EventDate "2011.10.14"]

1. d4 Nf6 2. c4 g6 3. Nc3 d5 4. Nf3 Bg7 5. Qb3 dxc4 6. Qxc4 O-O 7. e4 Bg4 8.
Be3 Nfd7 9. Qb3 Nb6 10. Rd1 e6 11. Be2 Nc6 12. Ng1 Bxe2 13. Ngxe2 Qe7 14. O-O
h6 15. a3 Rad8 16. e5 Na5 17. Qc2 c5 18. dxc5 Nbc4 19. Bc1 Nxe5 20. Ne4 Nac6
21. h3 f5 22. Nd6 Nf7 23. Nf4 Kh7 24. Qb3 Nxd6 25. cxd6 Rxd6 26. Rxd6 Qxd6 27.
Nxe6 Rg8 28. Rd1 Qe7 29. Be3 Re8 30. Nxg7 Qxg7 31. h4 Re7 32. h5 g5 33. Qc2 Qf6
34. Bc5 Rf7 35. Qb3 Qg7 36. Qe6 Rf6 37. Qe8 Rf7 38. Kf1 Rc7 39. b4 a6 40. g4
fxg4 41. Rd6 Ne7 42. Rd7 Rxd7 43. Qxd7 Nc6 44. Qe6 g3 45. f3 Qa1+ 46. Kg2 Qb2+
47. Kxg3 Qe5+ 48. Qxe5 Nxe5 49. f4 Nc4 50. a4 Nb2 51. a5 Nd3 52. Bd6 Kg7 53.
fxg5 hxg5 54. Kg4 Nf2+ 55. Kf3 Nd3 56. Ke3 Ne1 57. Kd4 Kh6 58. Kc5 g4 59. Kb6
Nd3 60. Kxb7 g3 61. Bxg3 Nxb4 62. Bd6 Nd5 63. Kxa6 Kxh5 64. Kb7 1-0

[Event "BL 1112 SC Eppingen - SV Hockenheim"]
[Site "Mülheim"]
[Date "2011.10.14"]
[Round "1.1"]
[White "Buhmann, Rainer"]
[Black "Harikrishna, Pentala"]
[Result "1/2-1/2"]
[WhiteElo "2606"]
[BlackElo "2672"]
[PlyCount "91"]
[EventDate "2011.10.14"]

1. Nf3 Nf6 2. c4 e6 3. g3 d5 4. d4 dxc4 5. Bg2 c6 6. Ne5 Bb4+ 7. Bd2 Be7 8. e3
b5 9. a4 b4 10. O-O Ba6 11. Re1 O-O 12. Qc1 Re8 13. Rd1 Qc7 14. Nxc4 Nbd7 15.
e4 e5 16. h3 Rad8 17. Be3 Bxc4 18. Qxc4 exd4 19. Rxd4 c5 20. Rd2 Ne5 21. Qc2 c4
22. Rxd8 Rxd8 23. Nd2 c3 24. bxc3 Qxc3 25. Qxc3 bxc3 26. Nb3 Nc4 27. Rc1 Nxe3
28. fxe3 Rc8 29. Nd4 Ba3 30. Rc2 Bb2 31. e5 Nd7 32. Nc6 Rc7 33. a5 Nc5 34. Bd5
g6 35. Kf1 Kg7 36. Ke2 Rb7 37. e4 Ba1 38. Ke3 a6 39. Rf2 Rd7 40. Rc2 Bb2 41.
Nb4 Rd8 42. Nd3 Nxd3 43. Kxd3 Rc8 44. Rf2 c2 45. Rxc2 Rxc2 46. Kxc2 1/2-1/2

[Event "BL 1112 SC Eppingen - SV Hockenheim"]
[Site "Mülheim"]
[Date "2011.10.14"]
[Round "1.3"]
[White "Baramidze, David"]
[Black "Bologan, Victor"]
[Result "0-1"]
[WhiteElo "2591"]
[BlackElo "2657"]
[PlyCount "110"]
[EventDate "2011.10.14"]

1. d4 Nf6 2. Nf3 c5 3. c3 g6 4. dxc5 Bg7 5. Nbd2 Na6 6. Nb3 Ne4 7. Be3 Qc7 8.
Qd5 f5 9. Nfd2 Nf6 10. Qc4 Ng4 11. Bf4 Qc6 12. e3 Ne5 13. Bxe5 Bxe5 14. Nf3 Bf6
15. O-O-O Nc7 16. Nfd4 Qe4 17. h4 e6 18. Rd2 a6 19. Be2 Rb8 20. Bf3 Qe5 21. Qb4
Be7 22. Qa4 O-O 23. Rhd1 Bxc5 24. Nxc5 Qxc5 25. Nb3 Qe7 26. Rxd7 Bxd7 27. Rxd7
Qe8 28. Bc6 Qc8 29. Qd4 Ne8 30. Bf3 Nf6 31. Rd6 Qe8 32. Nc5 e5 33. Qc4+ Kh8 34.
Bxb7 Qe7 35. Re6 Qf7 36. Bxa6 Ng4 37. Rd6 Qe7 38. Rd2 Rfd8 39. b4 Rxd2 40. Kxd2
Qxh4 41. Qe2 Nxf2 42. Kc2 Ng4 43. a4 Qg3 44. Bb7 Nxe3+ 45. Kb3 Rd8 46. a5 Nd1
47. Qc2 e4 48. a6 Qe1 49. Qc1 e3 50. a7 e2 51. Ne6 Re8 52. Bc6 Qg3 53. Bxe8
e1=Q 54. a8=Q Qgxc3+ 55. Ka2 Qe2+ 0-1

[Event "BL 1112 SC Eppingen - SV Hockenheim"]
[Site "Mülheim"]
[Date "2011.10.14"]
[Round "1.4"]
[White "Gyimesi, Zoltan"]
[Black "Saric, Ivan"]
[Result "1/2-1/2"]
[WhiteElo "2646"]
[BlackElo "2643"]
[PlyCount "96"]
[EventDate "2011.10.14"]

1. d4 Nf6 2. c4 g6 3. Nc3 Bg7 4. e4 d6 5. Nf3 O-O 6. Be2 e5 7. O-O Nc6 8. d5
Ne7 9. b4 a5 10. Ba3 b6 11. bxa5 Nh5 12. Nd2 Nf4 13. Nb3 f5 14. Bb4 bxa5 15.
Bxa5 fxe4 16. Nxe4 Ba6 17. g3 Nexd5 18. gxf4 Nxf4 19. Nbd2 Qh4 20. Bxc7 d5 21.
Ng3 Rf7 22. Bd6 Rd8 23. c5 Bxe2 24. Nxe2 Nh3+ 25. Kg2 Rf5 26. Ng3 Nf4+ 27. Kg1
Nh3+ 28. Kg2 Nf4+ 29. Kh1 Qh3 30. Qf3 e4 31. Qxf4 Rxf4 32. Bxf4 Bxa1 33. Rxa1
h5 34. Re1 Qg4 35. Bd6 Ra8 36. Ngf1 Rxa2 37. c6 Qe6 38. c7 Ra8 39. Bf4 Rc8 40.
Rb1 g5 41. Bxg5 Rxc7 42. Be3 Qe5 43. Nb3 Rb7 44. Nfd2 h4 45. Rg1+ Rg7 46. Rxg7+
Qxg7 47. h3 Qd7 48. Kg2 Qg7+ 1/2-1/2

[Event "BL 1112 SC Eppingen - SV Hockenheim"]
[Site "Mülheim"]
[Date "2011.10.14"]
[Round "1.6"]
[White "Bindrich, Falko"]
[Black "Neubauer, Martin"]
[Result "1/2-1/2"]
[WhiteElo "2548"]
[BlackElo "2431"]
[PlyCount "110"]
[EventDate "2011.10.14"]

1. e4 c5 2. Nf3 d6 3. d4 cxd4 4. Nxd4 Nf6 5. Nc3 g6 6. Be3 Bg7 7. f3 O-O 8. Qd2
Nc6 9. Bc4 Bd7 10. Bb3 Rc8 11. O-O-O Nxd4 12. Bxd4 b5 13. Bxa7 b4 14. Ne2 Qa5
15. Bd4 Ba4 16. Kb1 Bxb3 17. cxb3 Ra8 18. a4 bxa3 19. Qxa5 Rxa5 20. bxa3 Rxa3
21. Kb2 Raa8 22. Nc3 Rfb8 23. e5 dxe5 24. Bxe5 Rb7 25. Ra1 Rc8 26. Rhd1 Nd7 27.
Bxg7 Kxg7 28. Na4 Nc5 29. Nxc5 Rxc5 30. Rac1 Rcb5 31. Rd3 g5 32. Rc4 f5 33. h4
gxh4 34. Rxh4 e5 35. Rc4 Kf6 36. Re3 R5b6 37. Ka3 Ra7+ 38. Kb2 Rab7 39. Rc5 f4
40. Rd3 Kf5 41. Rc2 h5 42. Re2 h4 43. Kc2 Rb5 44. Rc3 Rb8 45. Rd2 Ra5 46. Kb1
Rba8 47. Rcc2 Ra1+ 48. Kb2 R1a2+ 49. Kb1 Ra1+ 50. Kb2 R8a2+ 51. Kc3 Rxc2+ 52.
Kxc2 Rf1 53. Rd1 Rf2+ 54. Rd2 Rf1 55. Rd1 Rf2+ 1/2-1/2

[Event "BL 1112 SC Eppingen - SV Hockenheim"]
[Site "Mülheim"]
[Date "2011.10.14"]
[Round "1.7"]
[White "Paehtz, Elisabeth"]
[Black "Braun, Arik"]
[Result "1/2-1/2"]
[WhiteElo "2461"]
[BlackElo "2560"]
[PlyCount "55"]
[EventDate "2011.10.14"]

1. e4 c6 2. d4 d5 3. exd5 cxd5 4. c4 Nf6 5. Nc3 e6 6. Nf3 Bb4 7. cxd5 Nxd5 8.
Bd2 Nc6 9. Bd3 O-O 10. O-O Be7 11. Re1 Ndb4 12. Bf4 Nxd3 13. Qxd3 b6 14. a3 Bb7
15. d5 Bf6 16. Rad1 Ne7 17. dxe6 Qxd3 18. Rxd3 fxe6 19. Be5 Nd5 20. Bxf6 gxf6
21. Nd4 Nf4 22. Rg3+ Kh8 23. Nde2 Nxe2+ 24. Rxe2 e5 25. Rd2 Rad8 26. Rgd3 Rxd3
27. Rxd3 Rf7 28. f3 1/2-1/2

[Event "BL 1112 SC Eppingen - SV Hockenheim"]
[Site "Mülheim"]
[Date "2011.10.14"]
[Round "1.8"]
[White "Vogt, Lothar"]
[Black "Rau, Hannes"]
[Result "1/2-1/2"]
[WhiteElo "2410"]
[BlackElo "2464"]
[PlyCount "150"]
[EventDate "2011.10.14"]

1. e4 c5 2. Nf3 d6 3. d4 cxd4 4. Qxd4 Nc6 5. Bb5 Bd7 6. Bxc6 Bxc6 7. Nc3 Nf6 8.
Bg5 e6 9. O-O-O Be7 10. Kb1 O-O 11. Qd3 Qa5 12. h4 Rac8 13. Nd4 Rfd8 14. f4 Kh8
15. f5 e5 16. Bxf6 gxf6 17. Nb3 Qc7 18. g4 Rg8 19. Qf3 b5 20. Rh2 a5 21. a3 Qb6
22. Rg2 b4 23. Nd5 Bxd5 24. Rxd5 bxa3 25. Rxa5 axb2 26. Qd3 Qb4 27. Kxb2 d5 28.
exd5 e4 29. Qd2 Qxd2 30. Nxd2 e3 31. Nf3 Bb4 32. Rb5 Bd6 33. Rb6 Bf4 34. Rb4
Bd6 35. Rb6 Bf4 36. g5 Rc5 37. Rb4 Bd6 38. c4 Rxd5 39. cxd5 Bxb4 40. Re2 fxg5
41. Nxg5 Kg7 42. Ne4 Rd8 43. Rxe3 Rxd5 44. Rg3+ Kh6 45. f6 Bd6 46. Rg7 Be5+ 47.
Kb3 Rd3+ 48. Kc2 Re3 49. Ng5 Bxf6 50. Rxf7 Kg6 51. Rxf6+ Kxf6 52. Nxh7+ Kf5 53.
Ng5 Ra3 54. Kd2 Kf4 55. Ne6+ Ke5 56. Ng5 Kf4 57. Ne6+ Kg4 58. Nc5 Kxh4 59. Nd3
Kg5 60. Ke3 Kf5 61. Kd4 Ra4+ 62. Kd5 Ra8 63. Kd4 Rd8+ 64. Ke3 Rd7 65. Nc5 Rd5
66. Nd3 Rd8 67. Nc5 Ke5 68. Nd3+ Kd5 69. Nf4+ Kc4 70. Ke4 Re8+ 71. Kf5 Re1 72.
Ne6 Kd5 73. Nf4+ Kd6 74. Nd3 Re3 75. Nf4 Re1 1/2-1/2

[Event "BL 1112 USV TU Dresden - SK König Tegel"]
[Site "Mülheim"]
[Date "2011.10.14"]
[Round "1.2"]
[White "Socko, Bartosz"]
[Black "Stern, Rene"]
[Result "1/2-1/2"]
[WhiteElo "2628"]
[BlackElo "2506"]
[PlyCount "135"]
[EventDate "2011.10.14"]

1. e4 e5 2. Nf3 Nc6 3. Bb5 a6 4. Ba4 Nf6 5. O-O Be7 6. Re1 b5 7. Bb3 d6 8. c3
O-O 9. d4 Bg4 10. d5 Na5 11. Bc2 c6 12. h3 Bc8 13. dxc6 Qc7 14. Nbd2 Qxc6 15.
Nf1 Nc4 16. Ng3 Be6 17. Ng5 Bd7 18. a4 Rad8 19. Qd3 g6 20. Rd1 Kg7 21. b3 Nb6
22. a5 Na8 23. f4 Nc7 24. Nf3 Ne6 25. f5 Nf4 26. Bxf4 exf4 27. Ne2 Nh5 28. b4
Qc8 29. Bb3 Bf6 30. Rac1 gxf5 31. Nfd4 fxe4 32. Qxe4 Rde8 33. Qf3 Re5 34. Rf1
Kh8 35. Rc2 Be6 36. Rd2 Bxb3 37. Nxb3 Rxe2 38. Rxe2 Ng3 39. Nd4 Bxd4+ 40. cxd4
Nxe2+ 41. Qxe2 Qe6 42. Qf3 Qe3+ 43. Qxe3 fxe3 44. Rf6 Rc8 45. Kf1 Rc4 46. Rxd6
Rxb4 47. d5 Rb2 48. Rxa6 Kg7 49. Rb6 Kf8 50. Rb7 Ra2 51. d6 Ke8 52. Re7+ Kd8
53. Rxf7 Rxa5 54. Rxh7 b4 55. Rb7 Ra1+ 56. Ke2 Ra2+ 57. Kxe3 Rxg2 58. h4 Rg4
59. h5 Rh4 60. Rb5 Kd7 61. Rd5 Rh2 62. Kf4 b3 63. Kg5 b2 64. Rb5 Kxd6 65. h6
Kc6 66. Rb8 Kc5 67. Kg6 Kc4 68. h7 1/2-1/2

[Event "BL 1112 USV TU Dresden - SK König Tegel"]
[Site "Mülheim"]
[Date "2011.10.14"]
[Round "1.3"]
[White "Richter, Michael"]
[Black "Gajewski, Grzegorz"]
[Result "1/2-1/2"]
[WhiteElo "2484"]
[BlackElo "2607"]
[PlyCount "78"]
[EventDate "2011.10.14"]

1. d4 Nf6 2. c4 e6 3. Nc3 Bb4 4. f3 c5 5. d5 O-O 6. e4 d6 7. Nge2 exd5 8. cxd5
Nbd7 9. Ng3 Re8 10. Be2 Ne5 11. O-O Bd7 12. Be3 a6 13. a3 Ba5 14. Qd2 Rc8 15.
Rfc1 b5 16. Kh1 c4 17. Bd4 Bb6 18. Nd1 h5 19. Ne3 Bxd4 20. Qxd4 h4 21. Ngf5
Bxf5 22. Nxf5 g6 23. Nxh4 Nxe4 24. Nxg6 Nc5 25. Nxe5 Rxe5 26. Bxc4 bxc4 27.
Qxc4 a5 28. b4 axb4 29. axb4 Nd7 30. Qg4+ Kf8 31. Rxc8 Qxc8 32. Qh4 Ke8 33. f4
Re3 34. h3 Qd8 35. Qh8+ Ke7 36. Qh4+ Ke8 37. Qh8+ Ke7 38. Qh4+ Ke8 39. Qh8+ Ke7
1/2-1/2

[Event "BL 1112 USV TU Dresden - SK König Tegel"]
[Site "Mülheim"]
[Date "2011.10.14"]
[Round "1.4"]
[White "Maiwald, Jens-Uwe"]
[Black "Muse, Mladen"]
[Result "1/2-1/2"]
[WhiteElo "2459"]
[BlackElo "2443"]
[PlyCount "86"]
[EventDate "2011.10.14"]

1. e4 g6 2. d4 Bg7 3. c3 d6 4. Nf3 Nf6 5. Bd3 O-O 6. O-O Nc6 7. d5 Nb8 8. h3 c6
9. c4 a5 10. Nc3 Na6 11. Re1 Nd7 12. Bg5 Re8 13. Qd2 Nac5 14. Bf1 a4 15. Bf4
Qa5 16. e5 dxe5 17. Nxe5 Nxe5 18. Bxe5 Bxe5 19. Rxe5 f6 20. Re3 e5 21. Rae1 Bd7
22. g4 g5 23. Qc2 Re7 24. Bd3 Rf8 25. Ne4 cxd5 26. cxd5 Nxe4 27. Bxe4 Rc8 28.
Rc3 Rxc3 29. Qxc3 Qxc3 30. bxc3 b5 31. Rc1 Re8 32. c4 bxc4 33. Rxc4 Rd8 34. Bc2
Be8 35. Bxa4 Bxa4 36. Rxa4 Rxd5 37. Ra7 Rd3 38. Kg2 e4 39. a4 e3 40. fxe3 Rxe3
41. a5 Ra3 42. a6 Kf8 43. Ra8+ Kg7 1/2-1/2

[Event "BL 1112 USV TU Dresden - SK König Tegel"]
[Site "Mülheim"]
[Date "2011.10.14"]
[Round "1.5"]
[White "Von Herman, Ulf"]
[Black "Tischbierek, Raj"]
[Result "0-1"]
[WhiteElo "2419"]
[BlackElo "2454"]
[PlyCount "66"]
[EventDate "2011.10.14"]

1. d4 d5 2. c4 c6 3. cxd5 cxd5 4. Nc3 Nc6 5. e4 Nf6 6. e5 Ne4 7. f3 Nxc3 8.
bxc3 Bf5 9. Ne2 e6 10. Ng3 Bg6 11. f4 Be7 12. Be2 O-O 13. O-O Rc8 14. f5 exf5
15. Nxf5 Bxf5 16. Rxf5 f6 17. Bg4 Rc7 18. Rh5 g6 19. Be6+ Kh8 20. Rh3 fxe5 21.
Qg4 Bf6 22. Bh6 Re8 23. Rf1 exd4 24. cxd4 Nxd4 25. Bg5 Nf5 26. Bxf5 gxf5 27.
Rxf5 Bxg5 28. Qd4+ Rg7 29. Rg3 Bh6 30. Rf6 Re4 31. Qc3 d4 32. Qf3 Rxg3 33. hxg3
Bg7 0-1

[Event "BL 1112 USV TU Dresden - SK König Tegel"]
[Site "Mülheim"]
[Date "2011.10.14"]
[Round "1.6"]
[White "Uhlmann, Wolfgang"]
[Black "Breier, Andreas"]
[Result "0-1"]
[WhiteElo "2379"]
[BlackElo "2400"]
[PlyCount "62"]
[EventDate "2011.10.14"]

1. c4 c5 2. Nf3 g6 3. d4 Bg7 4. e4 d6 5. Nc3 Nc6 6. d5 Nd4 7. h3 e5 8. dxe6
fxe6 9. Be2 Ne7 10. O-O O-O 11. Be3 Nec6 12. Qd2 Nxe2+ 13. Nxe2 Rxf3 14. gxf3
Ne5 15. Kg2 Nxc4 16. Qc1 b5 17. Rb1 Bb7 18. b3 Ne5 19. Ng3 Qf8 20. f4 Nd7 21.
b4 c4 22. Rd1 d5 23. Kh2 Qf7 24. Qc2 e5 25. fxe5 Nxe5 26. exd5 Nf3+ 27. Kg2 Re8
28. Kf1 Bxd5 29. Rxd5 Qxd5 30. Rd1 Qe6 31. Kg2 Nh4+ 0-1

[Event "BL 1112 USV TU Dresden - SK König Tegel"]
[Site "Mülheim"]
[Date "2011.10.14"]
[Round "1.8"]
[White "Loxine, Jakow"]
[Black "Sarbok, Torsten"]
[Result "0-1"]
[WhiteElo "2399"]
[BlackElo "2349"]
[PlyCount "86"]
[EventDate "2011.10.14"]

1. e4 c5 2. Nc3 Nc6 3. Bb5 d6 4. Bxc6+ bxc6 5. d3 g6 6. f4 Bg7 7. Nf3 Nf6 8.
O-O O-O 9. Qe1 Bg4 10. Bd2 Ne8 11. Kh1 Nc7 12. f5 gxf5 13. Qg3 fxe4 14. Nh4 Qd7
15. dxe4 Kh8 16. Nf5 Bxf5 17. exf5 Be5 18. Qh3 f6 19. Rae1 Qe8 20. Ne4 Qf7 21.
g4 Rg8 22. b3 c4 23. Rf3 a5 24. g5 fxg5 25. Nxg5 Rxg5 26. Bxg5 cxb3 27. axb3 a4
28. bxa4 Rxa4 29. f6 e6 30. Bh6 Ne8 31. Bg7+ Kg8 32. Rg1 h5 33. Rg5 h4 34. Rg1
Kh7 35. Qg2 Ra7 36. Qf2 Qh5 37. f7 Rxf7 38. Rxf7 Nxg7 39. Qg2 Qxf7 40. Qxc6 d5
41. Qa4 Qf3+ 42. Rg2 h3 43. Qh4+ Nh5 0-1

[Event "BL 1112 SV Wattenscheid - Hansa Dortmun"]
[Site "Mülheim"]
[Date "2011.10.14"]
[Round "1.1"]
[White "Berg, Emanuel"]
[Black "Najer, Evgeniy"]
[Result "0-1"]
[WhiteElo "2575"]
[BlackElo "2637"]
[PlyCount "90"]
[EventDate "2011.10.14"]

1. e4 c5 2. Nf3 d6 3. d4 cxd4 4. Nxd4 Nf6 5. Nc3 Nc6 6. Bg5 g6 7. Bxf6 exf6 8.
Bc4 Bg7 9. O-O O-O 10. Nde2 f5 11. exf5 Bxf5 12. Qd2 Rc8 13. Bb3 d5 14. Rad1 d4
15. Nb5 d3 16. cxd3 Na5 17. Nbc3 Nxb3 18. axb3 Re8 19. d4 Qb6 20. d5 Qxb3 21.
d6 Red8 22. Nd5 Kh8 23. Ne7 Rc2 24. Qa5 b6 25. Qxa7 Rxe2 26. Qc7 Re8 27. Qc6
Rf8 28. d7 Bxd7 29. Qxd7 Rxb2 30. Nd5 Qb5 31. Qe7 Qc5 32. Qh4 h6 33. h3 b5 34.
Qe4 Qc4 35. Qe7 b4 36. Rfe1 b3 37. Nf6 Qf4 38. Ne4 Rc2 39. Rd8 Rxd8 40. Qxd8+
Kh7 41. g3 Qf3 42. Qh4 f6 43. g4 b2 44. g5 Rc1 45. Nxf6+ Qxf6 0-1

[Event "BL 1112 SV Wattenscheid - Hansa Dortmun"]
[Site "Mülheim"]
[Date "2011.10.14"]
[Round "1.2"]
[White "Macieja, Bartlomiej"]
[Black "Miton, Kamil"]
[Result "1/2-1/2"]
[WhiteElo "2613"]
[BlackElo "2628"]
[PlyCount "54"]
[EventDate "2011.10.14"]

1. e4 c6 2. d4 d5 3. exd5 cxd5 4. c4 Nf6 5. Nc3 e6 6. Nf3 Bb4 7. cxd5 Nxd5 8.
Qc2 Nc6 9. Bd3 h6 10. O-O O-O 11. Bh7+ Kh8 12. Be4 Bd6 13. Rd1 Nce7 14. Qb3 b6
15. Ne5 Bb7 16. Nb5 f5 17. Nxd6 Qxd6 18. Bf3 Kh7 19. Bd2 Nc6 20. Bc3 Nxe5 21.
dxe5 Qc7 22. Bb4 Rfc8 23. Bd6 Qc2 24. Qa3 a5 25. h3 b5 26. Qd3 b4 27. Qd2 Qxd2
1/2-1/2

[Event "BL 1112 SV Wattenscheid - Hansa Dortmun"]
[Site "Mülheim"]
[Date "2011.10.14"]
[Round "1.3"]
[White "Steingrimsson, Hedinn"]
[Black "Bartel, Mateusz"]
[Result "1/2-1/2"]
[WhiteElo "2562"]
[BlackElo "2627"]
[PlyCount "40"]
[EventDate "2011.10.14"]

1. Nf3 d5 2. d4 c6 3. c4 e6 4. Nbd2 f5 5. g3 Nf6 6. Bg2 Bd6 7. O-O Nbd7 8. b3
b6 9. cxd5 cxd5 10. Ng5 Qe7 11. Nc4 Bb4 12. a3 Bc3 13. a4 Bb4 14. Ba3 Bxa3 15.
Nxa3 O-O 16. Qc2 Bb7 17. Rfc1 Rfc8 18. Qb2 h6 19. Nf3 Qb4 20. Nc2 Qd6 1/2-1/2

[Event "BL 1112 SV Wattenscheid - Hansa Dortmun"]
[Site "Mülheim"]
[Date "2011.10.14"]
[Round "1.5"]
[White "Henrichs, Thomas"]
[Black "Rustemov, Alexander"]
[Result "0-1"]
[WhiteElo "2473"]
[BlackElo "2537"]
[PlyCount "80"]
[EventDate "2011.10.14"]

1. d4 d5 2. c4 c6 3. Nf3 Nf6 4. Nc3 a6 5. a4 e6 6. Bf4 a5 7. e3 Na6 8. Be2 Bd6
9. O-O Bxf4 10. exf4 dxc4 11. Bxc4 O-O 12. Qe2 Nd5 13. g3 Nab4 14. Rfd1 b6 15.
Ne5 Bb7 16. Ne4 Rc8 17. Rac1 Rc7 18. Ng5 h6 19. Ne4 Qe7 20. h4 Rd8 21. Rd2 Nf6
22. Nc3 Nbd5 23. Ba2 g6 24. Bb1 Kg7 25. Ne4 Nh5 26. Qg4 Nhf6 27. Qe2 c5 28.
Nxf6 Nxf6 29. dxc5 Rxc5 30. Rxc5 Rxd2 31. Qxd2 Qxc5 32. Bc2 Bd5 33. Qc3 Qxc3
34. bxc3 Kf8 35. c4 Be4 36. Bxe4 Nxe4 37. Nd7+ Ke7 38. Nxb6 Nc5 39. h5 Kd8 40.
hxg6 fxg6 0-1

[Event "BL 1112 SV Wattenscheid - Hansa Dortmun"]
[Site "Mülheim"]
[Date "2011.10.14"]
[Round "1.6"]
[White "Appel, Ralf"]
[Black "Kasparov, Sergey"]
[Result "1/2-1/2"]
[WhiteElo "2529"]
[BlackElo "2521"]
[PlyCount "142"]
[EventDate "2011.10.14"]

1. d4 Nf6 2. Nf3 d5 3. c4 c6 4. Qb3 a6 5. Nc3 e6 6. g3 dxc4 7. Qxc4 b5 8. Qd3
c5 9. Bg2 Bb7 10. O-O Nbd7 11. Ng5 Bxg2 12. Kxg2 cxd4 13. Qxd4 Bc5 14. Qf4 O-O
15. Nge4 Be7 16. Rd1 Qc8 17. a3 Nxe4 18. Qxe4 Bf6 19. Be3 Bxc3 20. Rac1 Nf6 21.
Qf3 Qb8 22. Rxc3 Nd5 23. Rc5 Nxe3+ 24. Qxe3 h6 25. Qf3 Qa7 26. b4 Rad8 27. Rd3
Rxd3 28. Qxd3 Qe7 29. Rc6 Rd8 30. Qe4 Qa7 31. Rc5 Qd7 32. Qc6 Qd4 33. Qf3 Qd7
34. Rc6 Qa7 35. h4 g6 36. h5 g5 37. Rc5 Qa8 38. Rc7 g4 39. Qxa8 Rxa8 40. f3
gxf3+ 41. Kxf3 Kg7 42. Kf4 Rd8 43. Rc6 Ra8 44. g4 a5 45. Rb6 axb4 46. axb4 Ra2
47. Kf3 Kf6 48. Rxb5 Rb2 49. Rb8 Kg5 50. b5 f5 51. gxf5 exf5 52. b6 Kxh5 53. b7
Rb4 54. Ke3 Re4+ 55. Kd3 Re7 56. Kd4 f4 57. Kd5 Kh4 58. Kc6 Re6+ 59. Kc5 Re7
60. Kc6 Re6+ 61. Kc5 Re7 62. Kd6 Rxe2 63. Rf8 Rb2 64. Rxf4+ Kg3 65. Rf7 h5 66.
Kc7 h4 67. Rg7+ Kf3 68. Rg6 Rxb7+ 69. Kxb7 h3 70. Rh6 Kg2 71. Rxh3 Kxh3 1/2-1/2

[Event "BL 1112 SV Wattenscheid - Hansa Dortmun"]
[Site "Mülheim"]
[Date "2011.10.14"]
[Round "1.7"]
[White "Mainka, Romuald"]
[Black "Handke, Florian"]
[Result "0-1"]
[WhiteElo "2488"]
[BlackElo "2518"]
[PlyCount "108"]
[EventDate "2011.10.14"]

1. e4 d6 2. d4 Nf6 3. Bd3 e5 4. c3 d5 5. dxe5 Nxe4 6. Nf3 Nc6 7. Bf4 Be7 8. O-O
Bg4 9. Re1 O-O 10. Nbd2 Nc5 11. Be2 d4 12. cxd4 Nxd4 13. Nxd4 Qxd4 14. Be3 Bxe2
15. Bxd4 Bxd1 16. Rexd1 Ne6 17. Be3 f6 18. exf6 Bxf6 19. Ne4 Bxb2 20. Rab1 Rfd8
21. Rxd8+ Rxd8 22. Kf1 Bd4 23. Rxb7 Bb6 24. a4 Rd3 25. a5 Bxe3 26. fxe3 Rxe3
27. Nd2 Rd3 28. Nc4 Rd4 29. Ne5 Rd5 30. Rb8+ Nf8 31. Nc6 Rc5 32. Nxa7 Rxa5 33.
Nc6 Rc5 34. Nd4 Rc1+ 35. Kf2 Kf7 36. h4 h5 37. Rb5 g6 38. Re5 Nd7 39. Ra5 Nf6
40. Nf3 Rc2+ 41. Kg3 Ng4 42. Ra3 Kf6 43. Nd4 Rc4 44. Ra6+ Ke7 45. Nf3 c6 46.
Ra8 Ne3 47. Rg8 Nf5+ 48. Kh3 Rg4 49. Rc8 Kd7 50. Ra8 Kc7 51. Re8 c5 52. Re6 c4
53. Ra6 Kb7 54. Re6 c3 0-1

[Event "BL 1112 SV Wattenscheid - Hansa Dortmun"]
[Site "Mülheim"]
[Date "2011.10.14"]
[Round "1.8"]
[White "Hirneise, Tobias"]
[Black "Schmittdiel, Eckhard"]
[Result "1/2-1/2"]
[WhiteElo "2446"]
[BlackElo "2466"]
[PlyCount "41"]
[EventDate "2011.10.14"]

1. d4 Nf6 2. c4 e6 3. Nf3 Bb4+ 4. Bd2 c5 5. Bxb4 cxb4 6. e3 O-O 7. Nbd2 d6 8.
Bd3 Nc6 9. Qc2 e5 10. dxe5 dxe5 11. Ne4 h6 12. O-O Nd7 13. Nd6 Nc5 14. Rad1 Qe7
15. Bf5 Be6 16. Rd2 Rad8 17. Rfd1 Rd7 18. Bxe6 Qxe6 19. Ne4 Rxd2 20. Rxd2 Nxe4
21. Qxe4 1/2-1/2

[Event "BL 1112 SV Mülheim Nord - OSG Baden Bad"]
[Site "Mülheim"]
[Date "2011.10.15"]
[Round "2.7"]
[White "Kasimdzhanov, Rustam"]
[Black "Berelowitsch, Alexander"]
[Result "1/2-1/2"]
[WhiteElo "2678"]
[BlackElo "2563"]
[PlyCount "101"]
[EventDate "2011.10.14"]

1. d4 d5 2. c4 e6 3. Nf3 c5 4. cxd5 exd5 5. Nc3 Nc6 6. g3 Nf6 7. Bg2 Be7 8. O-O
O-O 9. Bg5 cxd4 10. Nxd4 h6 11. Be3 Re8 12. Rc1 Bg4 13. h3 Be6 14. Nxc6 bxc6
15. Na4 Qd7 16. Kh2 Bf5 17. Bc5 Rab8 18. b3 Bd6 19. e3 Be4 20. Bxd6 Bxg2 21.
Kxg2 Qxd6 22. Qd4 Ne4 23. Nc5 a5 24. Rfd1 Ng5 25. e4 Rb4 26. Rc4 Ne6 27. Nxe6
fxe6 28. Rdc1 e5 29. Qd2 Rxc4 30. Rxc4 Rb8 31. Ra4 Rb5 32. Rxa5 Rxa5 33. Qxa5
dxe4 34. a4 Kf7 35. Qa7+ Kf6 36. a5 Qd5 37. Kh2 Qxb3 38. Qb6 Qa4 39. h4 e3 40.
Qxe3 Qxa5 41. Qf3+ Ke7 42. Qxc6 Qa7 43. Kg2 Qd4 44. Qg6 Kf8 45. Qf5+ Ke7 46.
Qg6 Kf8 47. Qe6 Qe4+ 48. Kh2 Qf3 49. Kg1 e4 50. Qd5 h5 51. Qe5 1/2-1/2

[Event "BL 1112 SV Mülheim Nord - OSG Baden Bad"]
[Site "Mülheim"]
[Date "2011.10.15"]
[Round "2.8"]
[White "Hausrath, Daniel"]
[Black "Gustafsson, Jan"]
[Result "1-0"]
[WhiteElo "2507"]
[BlackElo "2631"]
[PlyCount "105"]
[EventDate "2011.10.14"]

1. g3 e5 2. Bg2 d5 3. d3 Nf6 4. a3 c6 5. Nf3 Bd6 6. O-O O-O 7. c4 h6 8. Nc3
dxc4 9. dxc4 Be6 10. b3 Qc7 11. Bb2 Nbd7 12. Qc2 Rfe8 13. Rad1 Bf8 14. Rd2 Rad8
15. Rfd1 a6 16. Nh4 b5 17. Ne4 bxc4 18. bxc4 Nxe4 19. Qxe4 Rc8 20. Nf5 Qb6 21.
Ba1 Qa5 22. Nd6 Bxd6 23. Rxd6 Qxa3 24. Qc2 Nb6 25. c5 Bb3 26. Qc1 Qxc1 27. Rxc1
Nd5 28. Bh3 Rcd8 29. Bd7 Rxd7 30. Rxd7 Ba4 31. e4 Nf6 32. Rb7 Bb5 33. f3 Nh7
34. Rd1 Ng5 35. Kf2 f6 36. Rdd7 Ne6 37. f4 Kh8 38. Ra7 Rg8 39. fxe5 Nxc5 40.
exf6 Nxd7 41. Rxd7 Kh7 42. fxg7 a5 43. Ke3 a4 44. g4 Bc4 45. Rd6 Re8 46. Kf4 c5
47. g5 hxg5+ 48. Kxg5 Be6 49. Ra6 Bb3 50. Rh6+ Kg8 51. Rh8+ Kf7 52. Rxe8 Kxe8
53. Kg6 1-0

[Event "BL 1112 SF Katernberg - SG Turm Trier"]
[Site "Mülheim"]
[Date "2011.10.15"]
[Round "2.1"]
[White "Howell, David W L"]
[Black "Kryvoruchko, Yuriy"]
[Result "1/2-1/2"]
[WhiteElo "2633"]
[BlackElo "2666"]
[PlyCount "43"]
[EventDate "2011.10.14"]

1. e4 e5 2. Nf3 Nc6 3. Bc4 Bc5 4. c3 Nf6 5. d4 exd4 6. e5 d5 7. Bb5 Ne4 8. cxd4
Bb6 9. Nc3 O-O 10. Be3 Bg4 11. Qc2 Bf5 12. Qb3 Na5 13. Qd1 Nc4 14. Qb3 Nxe3 15.
fxe3 c5 16. Qxd5 cxd4 17. exd4 Rc8 18. Bd3 Nxc3 19. Qxd8 Rcxd8 20. Bxf5 Nb5 21.
O-O-O Nxd4 22. Nxd4 1/2-1/2

[Event "BL 1112 SF Katernberg - SG Turm Trier"]
[Site "Mülheim"]
[Date "2011.10.15"]
[Round "2.2"]
[White "Bischoff, Klaus"]
[Black "Erdoes, Viktor"]
[Result "1/2-1/2"]
[WhiteElo "2547"]
[BlackElo "2608"]
[PlyCount "60"]
[EventDate "2011.10.14"]

1. e4 e5 2. Nf3 Nc6 3. Bb5 Nf6 4. d3 Bc5 5. Bxc6 dxc6 6. Be3 Bd6 7. h3 O-O 8.
Nbd2 Re8 9. Nc4 Nd7 10. O-O Nf8 11. a3 Ng6 12. Nfd2 c5 13. Qh5 Be6 14. a4 Qd7
15. b3 b6 16. Nxd6 cxd6 17. f4 exf4 18. Bxf4 f6 19. Bg3 d5 20. Rf2 Bf7 21. Qf5
Be6 22. Qh5 Bf7 23. Qf5 Qxf5 24. Rxf5 Ne7 25. Rf2 Nc6 26. exd5 Bxd5 27. Nc4 Re7
28. Nd6 Rd8 29. Bh2 Red7 30. Nb5 Re7 1/2-1/2